000 00770nam a2200253Ia 4500
003 OSt
005 20220928110408.0
006 a|||||r|||| 00| 0
007 ta
008 220927b |||||||| |||| 00| 0 eng d
020 _cUKP 37.99
024 _a139251
037 _b009, 22/01/2019, Excel Book International
_cTextual
040 _aSDCL
_cSDCL
_beng
041 _2eng
_aeng
082 _aS6, Q3
100 _aRamsden pamilla
_9419356
245 0 _aUnderstanding abnormal psychology
_b Clinical and biological perspectives
260 _aNew Delhi
_bSage
_c2013
300 _a474p.
_ccm.
650 _aApplied Psychology
942 _hS6, Q3
_cTEXL
_2CC
999 _c735415
_d735415